Law & Order: SVU episodes (seasons 11-26) - Statistics

General Stats
  • This quiz has been taken 59 times
    51 since last reset
  • The average score is 105 of 349
Answer Stats
Episode Title % Correct
15.1 Surrender Benson
78%
12.19 Bombshell
56%
16.10 Forgiving Rollins
56%
15.17 Gambler's Fallacy
56%
16.23 Surrendering Noah
56%
15.20 Beast's Obsession
44%
13.8 Educated Guess
44%
17.17 Manhattan Transfer
44%
20.14 Part 33
44%
12.8 Penetration
44%
11.9 Perverted
44%
15.9 Rapist Anonymous
44%
12.24 Smoked
44%
14.4 Acceptable Loss
33%
20.5 Accredo
33%
16.11 Agent Provocateur
33%
20.10 Alta Kockers
33%
15.11 Amaro's One-Eighty
33%
16.2 American Disgrace
33%
18.20 American Dream
33%
15.3 American Tragedy
33%
17.12 A Misunderstanding
33%
11.10 Anchor
33%
24.9 And a Trauma in a Pear Tree
33%
23.1 And the Empire Strikes Back
33%
17.21 Assaulting Reality
33%
20.13 A Story of More Woe
33%
21.5 At Midnight in Manhattan
33%
22.2 Ballad of Dwight and Irena
33%
12.22 Bang
33%
14.11 Beautiful Frame
33%
11.18 Bedtime
33%
11.20 Beef
33%
12.3 Behave
33%
24.19 Bend the Law
33%
15.13 Betrayal's Climax
33%
14.19 Born Psychopath
33%
12.6 Branded
33%
24.5 Breakwater
33%
18.6 Broken Rhymes
33%
20.15 Brothel
33%
24.18 Bubble Wrap
33%
12.18 Bully
33%
23.11 Burning with Rage Forever
33%
21.9 Can't Be Held Accountable
33%
25.6 Carousel
33%
17.10 Catfishing Teacher
33%
19.14 Chasing Demons
33%
18.8 Chasing Theo
33%
16.7 Chicago Crossover
33%
25.9 Children of Wolves
33%
13.16 Child's Welfare
33%
17.5 Community Policing
33%
19.5 Complicated
33%
23.21 Confess Your Sins to Be Free
33%
11.19 Conned
33%
19.3 Contrapasso
33%
24.6 Controlled Burn
33%
21.17 Dance Lies and Video Tape
33%
16.20 Daydream Believer
33%
24.7 Dead Ball
33%
14.15 Deadly Ambition
33%
20.19 Dearly Beloved
33%
16.13 Decaying Morality
33%
16.16 December Solstice
33%
12.23 Delinquent
33%
16.18 Devastating Story
33%
23.20 Did You Believe in Miracles?
33%
12.14 Dirty
33%
20.22 Diss
33%
15.7 Dissonant Voices
33%
21.3 Down Low in Hell's Kitchen
33%
24.14 Dutch Tears
33%
23.18 Eighteen Wheels a Predator
33%
21.16 Eternal Relief from Pain
33%
20.6 Exile
33%
20.16 Facing Demons
33%
17.20 Fashionable Crimes
33%
23.5 Fast Times @DIGGYSPENTHOUSE
33%
13.20 Father Dearest
33%
13.13 Father's Shadow
33%
12.15 Flight
33%
19.11 Flight Risk
33%
17.13 Forty-One Witnesses
33%
14.16 Funny Valentine
33%
21.18 Garland's Baptism by Fire
33%
18.13 Genes
33%
14.20 Girl Dishonored
33%
16.1 Girls Disappeared
33%
16.6 Glasgowman's Wrath
33%
19.9 Gone Baby Gone
33%
19.1 Gone Fishin'
33%
16.19 Granting Immunity
33%
18.11 Great Expectations
33%
15.16 Gridiron Soldier
33%
19.21 Guardian
33%
22.1 Guardians and Gladiators
33%
11.4 Hammered
33%
11.5 Hardwired
33%
18.4 Heightened Emotions
33%
20.8 Hell's Kitchen
33%
14.24 Her Negotiation
33%
16.4 Holden's Manifesto
33%
13.14 Home Invasions
33%
13.15 Hunting Ground
33%
22.7 Hunt, Trap, Rape and Release
33%
23.13 If I Knew Then What I Know Now
33%
21.1 I'm Going to Make You a Star
33%
15.2 Imprisoned Lives
33%
19.12 Info Wars
33%
19.15 In Loco Parentis
33%
17.4 Institutional Fail
33%
24.13 Intersection
33%
22.12 In the Year We All Fell Down
33%
16.14 Intimidation Game
33%
15.12 Jersey Breakdown
33%
24.15 King of the Moon
33%
13.21 Learning Curve
33%
14.18 Legitimate Rape
33%
14.8 Lessons Learned
33%
24.17 Lime Chaser
33%
12.1 Locum
33%
14.1 Lost Reputation
33%
13.9 Lost Traveler
33%
18.2 Making a Rapist
33%
19.22 Mama
33%
20.2 Man Down
33%
14.5 Manhattan Vigil
33%
20.1 Man Up
33%
12.13 Mask
33%
17.6 Maternal Instincts
33%
12.4 Merchandise
33%
15.8 Military Justice
33%
20.17 Missing
33%
13.5 Missing Pieces
33%
14.13 Monster's Legacy
33%
19.2 Mood
33%
18.10 Motherly Love
33%
21.6 Murdered at a Bad Address
33%
21.10 Must Be Held Accountable
33%
17.14 Nationwide Manhunt
33%
18.14 Net Worth
33%
18.7 Next Chapter
33%
23.8 Nightmares in Drill City
33%
19.4 No Good Reason
33%
18.12 No Surrender
33%
15.6 October Surprise
33%
13.12 Official Story
33%
23.17 Once Upon a Time in El Barrio
33%
23.4 One More Tale of Two Victims
33%
22.11 Our Words Will Not Be Heard
33%
16.12 Padre Sandunguero
33%
16.17 Parole Violations
33%
17.7 Patrimonial Burden
33%
16.9 Pattern Seventeen
33%
11.13 P.C.
33%
23.9 People vs. Richard Wheatley
33%
13.2 Personal Fouls
33%
16.21 Perverted Justice
33%
20.11 Plastic
33%
14.22 Poisoned Motive
33%
12.11 Pop
33%
16.5 Pornstar's Requiem
33%
12.12 Possessed
33%
22.14 Post-Graduate Psychopath
33%
15.21 Post-Mortem Blues
33%
14.10 Presumed Guilty
33%
16.3 Producer's Backend
33%
23.15 Promising Young Gentlemen
33%
15.10 Psycho/Therapist
33%
12.17 Pursuit
33%
11.11 Quickie
33%
18.5 Rape Interrupted
33%
18.17 Real Fake News
33%
15.22 Reasonable Doubt
33%
21.13 Redemption in Her Corner
33%
19.23 Remember Me
33%
22.3 Remember Me in Quarantine
33%
19.24 Remember Me Too
33%
12.21 Reparations
33%
12.10 Rescue
33%
22.9 Return of the Prodigal Son
33%
20.4 Revenge
33%
13.23 Rhodium Nights
33%
13.7 Russian Brides
33%
18.21 Sanctuary
33%
11.14 Savior
33%
14.14 Secrets Exhumed
33%
19.17 Send in the Clowns
33%
11.12 Shadow
33%
11.24 Shattered
33%
17.19 Sheltered Outcasts
33%
21.11 She Paints for Vengeance
33%
23.10 Silent Night, Hateful Night
33%
11.3 Solitary
33%
21.19 Solving for the Unknowns
33%
19.7 Something Happened
33%
23.16 Sorry If It Got Weird for You
33%
11.6 Spooked
33%
16.8 Spousal Privilege
33%
15.24 Spring Awakening
33%
17.16 Star-Struck Victims
33%
13.22 Strange Beauty
33%
13.19 Street Revenge
33%
11.2 Sugar
33%
19.19 Sunk Cost Fallacy
33%
21.15 Swimming with the Sharks
33%
13.11 Theatre Tricks
33%
19.20 The Book of Esther
33%
21.2 The Darkest Journey Home
33%
23.6 The Five Hundredth Episode
33%
20.20 The Good Girl
33%
21.12 The Longest Night of Rain
33%
18.16 The Newsroom
33%
24.2 The One You Feed
33%
22.8 The Only Way Out Is Through
33%
25.3 The Punch List
33%
23.7 They'd Already Disappeared
33%
15.23 Thought Criminal
33%
23.12 Tommy Baker's Hardest Fight
33%
11.21 Torch
33%
17.11 Townhouse Incident
33%
17.3 Transgender Bridge
33%
14.21 Traumatic Wound
33%
22.13 Trick-Rolled at the Moulin
33%
13.6 True Believers
33%
25.2 Truth Embargo
33%
11.8 Turmoil
33%
14.3 Twenty-Five Acts
33%
14.17 Undercover Blue
33%
16.15 Undercover Mother
33%
17.18 Unholiest Alliance
33%
19.6 Unintended Consequences
33%
11.1 Unstable
33%
11.7 Users
33%
13.18 Valentine's Day
33%
23.14 Video Killed the Radio Star
33%
11.23 Wannabe
33%
15.14 Wednesday's Child
33%
21.8 We Dream of Machine Elves
33%
22.10 Welcome to the Pedo Motel
33%
12.5 Wet
33%
11.16 Witness
33%
22.16 Wolves in Sheep's Clothing
33%
20.3 Zero Tolerance
33%
25.5 Zone Rouge
33%
24.8 A Better Person
22%
14.2 Above Suspicion
22%
11.22 Ace
22%
23.22 A Final Call at Forlini's Bar
22%
24.22 All Pain Is One Malady
22%
26.21 Aperture
22%
20.23 Assumptions
22%
24.21 Bad Things
22%
13.3 Blood Brothers
22%
24.12 Blood Out
22%
14.23 Brief Interlude
22%
12.2 Bullseye
22%
20.7 Caretaker
22%
17.15 Collateral Damages
22%
25.10 Combat Fatigue
22%
15.15 Comic Perversion
22%
11.15 Confidential
22%
18.19 Conversion
22%
21.7 Counselor, It's Chinatown
22%
14.12 Criminal Hatred
22%
17.2 Criminal Pathology
22%
15.18 Criminal Stories
22%
19.16 Dare
22%
20.12 Dear Ben
22%
24.20 Debatable
22%
18.9 Decline and Fall
22%
26.11 Deductible
22%
17.1 Devil's Dissections
22%
11.17 Disabled
22%
13.4 Double Strands
22%
15.19 Downloaded Child
22%
14.9 Dreams Deferred
22%
25.13 Duty to Hope
22%
25.4 Duty to Report
22%
20.24 End Game
22%
26.2 Excavation
22%
20.21 Exchange
22%
26.9 First Light
22%
14.6 Friending Emily
22%
24.1 Gimme Shelter – Part Two
22%
12.9 Gray
22%
17.23 Heartfelt Passages
22%
21.14 I Deserve Some Loving Too
22%
18.3 Imposter
22%
19.8 Intent
22%
15.4 Internal Affairs
22%
17.22 Intersecting Lives
22%
23.3 I Thought You Were on My Side
22%
24.10 Jumped In
22%
13.17 Justice Denied
22%
18.15 Know It All
22%
26.16 Let Me Bring Pardon
22%
26.10 Master Key
22%
20.9 Mea Culpa
22%
17.8 Melancholy Pursuit
22%
24.3 Mirror Effect
22%
23.2 Never Turn Your Back on Them
22%
16.22 Parents' Nightmare
22%
19.10 Pathological
22%
26.19 Play with Fire Part 2
22%
26.22 Post-Rage
22%
25.11 Prima Nocta
22%
13.1 Scorched Earth
22%
19.18 Service
22%
26.20 Shock Collar
22%
22.4 Sightless in a Savage Land
22%
24.11 Soldier Up
22%
12.16 Spectacle
22%
18.18 Spellbound
22%
13.10 Spiraling Down
22%
23.19 Tangled Strands of Justice
22%
18.1 Terrorized
22%
21.4 The Burden of Our Choices
22%
26.14 The Grid Plan
22%
22.6 The Long Arm of the Witness
22%
24.16 The Presence of Absence
22%
24.4 The Steps We Cannot Take
22%
21.20 The Things We Have to Lose
22%
19.13 The Undiscovered Country
22%
25.8 Third Man Syndrome
22%
12.20 Totem
22%
12.7 Trophy
22%
25.1 Tunnel Blind
22%
22.5 Turn Me on Take Me Private
22%
14.7 Vanity's Bonfire
22%
22.15 What Can Happen In the Dark
22%
15.5 Wonderland Story
22%
26.17 Accomplice Liability
11%
20.18 Blackout
11%
26.12 Calculated
11%
26.4 Constricted
11%
26.8 Cornered
11%
17.9 Depravity Standard
11%
26.3 Divide and Conquer
11%
26.5 Economics of Shame
11%
26.13 Extinguished
11%
25.12 Marauder
11%
25.7 Probability of Doom
11%
26.6 Rorschach
11%
26.18 The Accuser
11%
26.15 Undertow
11%
26.1 Fractured
0%
26.7 Tenfold
0%
No matching quizzes found
Score Distribution
Percent of People with Each Score
Percentile by Number Answered
Your Score History
You have not taken this quiz since the last reset